Progress in Operations Research Relationship Between Operations Research and the Computer

Salvato in:
Dettagli Bibliografici
Altri autori: Aronofsky, Julius S.
Natura: Libro
Lingua:inglese
Pubblicazione: New York Wiley 1969
Edizione:1. ed.
Soggetti:
Tags: Aggiungi Tag
Nessun Tag, puoi essere il primo ad aggiungerne!!

MARC

LEADER 00000nam a2200000 4500
001 c002001
005 20221220103325.3
041 0 |a eng 
044 |a US 
245 1 0 |a Progress in Operations Research  |b Relationship Between Operations Research and the Computer  |c Edit. Julius S. Aronofsky 
250 |a 1. ed. 
264 1 |a New York  |b Wiley  |c 1969 
300 |a 561 s. 
610 2 0 |a analýza operačná 
610 2 0 |a počítače 
610 2 0 |a využitie počítačov 
610 2 0 |a simulácia 
610 2 0 |a programovanie matematické 
610 2 0 |a programovanie celočíselné 
610 2 0 |a štatistika 
610 2 0 |a heuristika 
610 2 0 |a dizajn 
610 2 0 |a systémy informačné riadiace 
700 1 |a Aronofsky, Julius S.